00313 2200133 4500001002100000005001500021035002000036245004600056100002300102300001200125260002200137082000800159990001200167INLIS00000000000207720250527095147 a0010-05250003691 aJangan Ceraikan Aku /cR. Kamil Al-Hayati0 aR. Kamil Al-Hayati a181 hlm bDiva Press,c2004 a813 a0712679